| 000 | 00590nam a2200193 i 4500 | ||
|---|---|---|---|
| 001 | 124607 | ||
| 003 | ES-MaACL | ||
| 007 | t| | ||
| 008 | 070409s1933 sp ||||1| spa d | ||
| 100 | 1 |
_aPollitz, Paul. _992845 |
|
| 245 | 1 | 0 |
_aPsicología del delincuente / _cPaul Pollitz ; traducción directa del alemán por Valentín Guerra. |
| 260 |
_aBarcelona : _bLabor, _c[1933] |
||
| 300 |
_a214 p. ; _c17 cm. |
||
| 490 | 1 |
_aColección Labor ; _v339 |
|
| 700 | 1 |
_aGuerra, Valentín. _960499 |
|
| 830 | 0 | 0 |
_aColección Labor _v339 _9184254 |
| 852 |
_aES-MaACL _jE-2823 |
||
| 999 |
_c124607 _d124607 |
||